Responses for Show #4181 - Monday, November 4, 2002

Contestants

[<< previous game]

Sandra Alboum, a translator from Arlington, Virginia

Eric Huff, a history teacher from Spartanburg, South Carolina

George Hicks, a law student from Cambridge, Massachusetts (whose 1-day cash winnings total $21,998)

[next game >>]

Jeopardy! Round responses

MEDICINE
BELTS
FLORIDA CITIES
"CH"ITCHAT
LINGERIE
MAN, OH MAN!
    $200 7
nursing

George
    $200 26
white

Sandra
    $200 13
Miami

George
    $200 1
chimpanzees

George
    $200 9
horoscopes/astrological signs

George
    $200 6
(Sandra: Who is Jay Leno?)

Johnny Carson

EricSandra
    $400 8
stomach

Sandra
    $400 27
fan belt

Sandra
    $400 14
Tallahassee

Sandra
    $400 2
chili dog

Eric
    $400 12
Madonna

Eric
    $400 20
Thomas Jefferson

Sandra
    $2,000 10
lungs

George
    $600 28
cotton belt

Eric
    $600 17
Venice

Eric
    $600 3
Cheyenne, Wyoming

George
    $600 15
Victoria's Secret

Eric
    $600 23
Knute Rockne

Eric
    $800 11
ulcers

Sandra
    $800 29
chastity belt

Sandra
    $800 18
(Sandra: What is St. Augustine?)

Fort Lauderdale

EricSandra
    $800 4
Chevrolet

George
    $800 21
Elle Macpherson

Sandra
    $800 24
(George: Who is Anson Howard?)
(Eric: Who is Anson Williams?)

Donny Most

GeorgeEric
Triple Stumper
    $1000 16
histamine

Eric
    $1000 30
Pluto

Eric
    $1000 19
Cocoa Beach

George
    $1000 5
"Chariots of the Gods"

Triple Stumper
    $1000 22
Hanes

Sandra
    $1000 25
Henry of Navarre

Eric

Scores at the first commercial break (after clue 15):

George Eric Sandra
$4,200 $1,600 $1,400

Scores at the end of the Jeopardy! Round:

George Eric Sandra
$4,400 $6,400 $4,200

Double Jeopardy! Round responses

WORLD LITERATURE
YOU NEED SOME EXERCISE
BEST ACTOR OSCAR WINNERS
BEFORE & AFTER
CRUSADER
RABBIT
    $400 9
Portuguese

Sandra
    $400 1
calisthenics

George
    $400 14
Rex Harrison

George
    $400 15
Jerry West Side Story

George
    $400 26
Jerusalem

Sandra
    $400 6
lip

Sandra
    $800 10
Moscow

Sandra
    $800 2
Richard Simmons

Sandra
    $800 22
Daniel Day-Lewis

Eric
    $800 16
burial ground beef

Triple Stumper
    $800 27
Jesus Christ

Eric
    $800 7
Do your ears hang low?

Triple Stumper
    $1200 11
Old English

George
    $1,500 3
Tai Chi

Sandra
    $1200 23
Cliff Robertson

Triple Stumper
    $1200 17
Walter Reed instruments

Eric
    $1200 28
Constantinople

George
    $1200 8
blue

Eric
    $3,000 12
(George: What is a method?)

morality play

George
    $1600 4
floor exercise

Sandra
    $1600 24
Ernest Borgnine

Eric
    $1600 18
Larry King Juan Carlos

Sandra
    $1600 29
Frederick Barbarossa

Eric
    $1600 20
buck

Triple Stumper
    $2000 13
(Sandra: Who is Hadrian?)

Horace

EricSandra
    $2000 5
sun salutation

Sandra
    $2000 25
Art Carney

Triple Stumper
    $2000 19
Apple Brown Betty Freidan

Eric
    $2000 30
Peter the Hermit

Triple Stumper
    $2000 21
(Eric: What is a pampa?)
(Sandra: What is a gaucho?)

Patagonian

EricSandra
Triple Stumper

Scores at the end of the Double Jeopardy! Round:

George Eric Sandra
$5,000 $15,600 $9,700

[wagering suggestions for these scores]

Final Jeopardy! Round responses

OFFICIAL LANGUAGES
GeorgeWhat is French
$4,998
SandraWhat is [Spanish] French
$9,700
EricWhat is [Spanish] Arabic?
$5,400
French

Final scores:

George Eric Sandra
$9,998 $10,200 $19,400
3rd place: $1,000 2nd place: $2,000 New champion: $19,400

Game dynamics:

Coryat scores:

George Eric Sandra
$6,600 $15,600 $9,400
13 R
(including 1 DD),
2 W
(including 1 DD)
19 R,
2 W
18 R
(including 1 DD),
4 W

Combined Coryat: $31,600

[game clues] [game scores] [suggest correction]

Game tape date: 2002-07-31
The J! Archive is created by fans, for fans. Scraping, republication, monetization, and malicious use prohibited; this site may use cookies and collect identifying information. See terms. The Jeopardy! game show and all elements thereof, including but not limited to copyright and trademark thereto, are the property of Jeopardy Productions, Inc. and are protected under law. This website is not affiliated with, sponsored by, or operated by Jeopardy Productions, Inc. Join the discussion at JBoard.tv.